Kliknij okręgi Litwy na mapie - Statystyki

Ogólne statystyki
  • Ten quiz został rozwiązany 70 razy
  • Średni wynik to 7 z 10
Odpowiedzi na mapie
Odpowiedzi zakodowano w zielono-czerwonej skali na mapie do tego quizu, zgodnie z poniższymi procentami.
 
Statystyki odpowiedzi
Odpowiedź % Poprawnych
Okręg kłajpedzki
94%
Okręg wileński
91%
Okręg kowieński
89%
Okręg szawelski
66%
Okręg uciański
66%
Okręg mariampolski
63%
Okręg tauroski
57%
Okręg olicki
43%
Okręg telszański
43%
Okręg poniewieski
40%
Nie znaleziono quizów pasujących do podanych kryteriów
Rozkład punktacji
Procent ludzi z każdym wynikiem
Percentyl według liczby udzielonych odpowiedzi
Twoja historia wyników
Nie rozwiązałeś tego quizu